Glória énekes imakönyv

Bibliographic Details
Format: Book
Language:Hungarian
PhysicalDescription:566 s. ilustr. 15 cm
Published: [Senec] Glória 1998
ISBN:8096701193
Edition:3. bőv. kiad.
Subjects:

MARC

LEADER 00000nam a2200000 a 4500
001 vtls001348501
003 SK-MaSNL
005 20260301200802.0
008 160405s1998 xo a r 0 hun
015 |a SNBA1999/02-00625 
020 |a 8096701193 
035 |a SNK000301783 
040 |a SNK  |b slo  |c SNK  |e AACR2 
041 0 |a hun 
044 |a xo  |c SK 
080 |a 245+243:282=945.11  |2 1981 
080 |a 243=945.11  |2 1981 
080 |a 282=945.11  |2 1981 
245 1 |a Glória  |b énekes imakönyv 
250 |a 3. bőv. kiad. 
260 |a [Senec]  |b Glória  |c 1998 
300 |a 566 s.  |b ilustr.  |c 15 cm 
650 0 7 |a piesne duchovné  |x Rímskokatolícka cirkev  |x spevníky  |2 SNK  |9 580424 
650 0 7 |a modlitby  |x Rímskokatolícka cirkev  |2 SNK  |9 299894 
655 7 |a príručky  |2 SNK  |9 74364 
919 |a 80-967011-9-3 
958 |a TL 
958 |a HU 
958 |a NT 
999 |c 892039  |d 893969 
952 |t P60, <03>, [BOOK], {603}  |a SNK  |b SNK  |y PREZ  |7 0  |p 17A0168681  |o snkSD 69673  |i snkKSP 10713/98  |0 0  |1 0  |4 0  |d 1998-11-18  |l 0  |r 2005-01-02 00:00:00  |w 2026-02-24 
952 |t P60, <04>, [BOOK], {604}  |a SNK  |b SNK  |y VYP  |7 0  |p 17A0168682  |o snkSD 69673 D1  |i snkKSP 10714/98  |0 0  |1 0  |4 0  |d 1998-11-18  |l 0  |r 2005-01-02 00:00:00  |w 2026-02-24